000 00607nam a2200277Ia 4500
005 20260401122156.0
008 008 250103s9999 xx 000 0 eng d
037 _aTB
040 _aEDL
040 _beng
040 _cEDL
041 _2eng
041 _aeng
084 _a894.8123 GEO
084 _qEDL
100 _aGeorge, K.M.
_91232813
245 0 _aKesari Balakrishna Pillai
245 0 _cGeorge, K.M.
260 _aNew Delhi
260 _bSahitya Akademi
300 _a90p
942 _cTB
942 _h894.8123 GEO
999 _c1845415
_d1845415